| 000 | 00527nam a2200193Ii 4500 | ||
|---|---|---|---|
| 003 | JO-AjNU | ||
| 008 | 230606s9999||||xx |||||||||||||| ||und|| | ||
| 040 |
_aJO-AjNU _beng _erda _cJO-AjNU |
||
| 041 | _aeng | ||
| 050 | 1 | 4 | _aQA76.73.2005 |
| 100 | 3 |
_aSingh,Gurmeet, _eauthor _9258 |
|
| 245 | 0 | 0 | _aVisual Basic 2005 PROJECTS |
| 264 | 3 | 1 | _aNEW DELHI:khanna Book,2007 |
| 300 | _a210p | ||
| 336 |
_atext _btxt _2rdacontent |
||
| 337 |
_aunmediated _bn _2rdamedia |
||
| 338 |
_avolume _bnc _2rdacarrier |
||
| 650 | 4 |
_aVisual Basic _9259 |
|
| 999 |
_aE135 _c135 _d135 |
||